[Event "Fagernes op"]
[Site "Fagernes"]
[Date "2024.03.31"]
[Round "9"]
[White "Kulaots, Kaido"]
[Black "Blomqvist, Erik"]
[Result "1/2-1/2"]
[WhiteElo "2534"]
[BlackElo "2511"]
[PlyCount "69"]
[EventDate "2024.03.24"]
[EventType "swiss"]
[EventRounds "9"]
[EventCountry "NOR"]
[SourceTitle "CB14_2024"]
[SourceDate "2024.04.01"]
[SourceVersion "1"]
[SourceVersionDate "2024.04.01"]
[SourceQuality "1"]

1. e4 e5 2. Nf3 Nc6 3. Bc4 Nf6 4. d3 Bc5 5. 0-0 d6 6. c3 a5 7. Re1 Ba7 8. Nbd2 0-0 9. Nf1 Be6 10. Bb5 Ne7 11. h3 Ng6 12. Ng3 c6 13. Ba4 d5 14. exd5 Nxd5 15. d4 exd4 16. Nxd4 Qc7 17. Bc2 Rae8 18. Be4 Nf6 19. Bc2 Bd7 20. Bd2 Bb8 21. c4 Bc8 22. Bc3 Rd8 23. Qe2 Rfe8 24. Qf1 Nh5 25. Rxe8+ Rxe8 26. Re1 Rxe1 27. Qxe1 Nxg3 28. fxg3 Qe5 29. Qxe5 Nxe5 30. b3 a4 31. g4 axb3 32. axb3 Ba7 33. Kf1 g6 34. Ke2 Kf8 35. Nf3 1/2-1/2

[Event "NOR-chT Elite 2324"]
[Site "Norway"]
[Date "2024.03.08"]
[Round "7.13"]
[White "Kulaots, Kaido"]
[Black "Hauge, Lars Oskar"]
[Result "0-1"]
[WhiteElo "2534"]
[BlackElo "2509"]
[PlyCount "96"]
[EventDate "2023.10.27"]
[EventType "team-tourn"]
[EventRounds "9"]
[EventCountry "NOR"]
[SourceTitle "CB16_2024"]
[SourceDate "2024.04.17"]
[SourceVersion "1"]
[SourceVersionDate "2024.04.17"]
[SourceQuality "1"]
[WhiteTeam "Valerenga"]
[BlackTeam "OSS"]
[WhiteTeamCountry "NOR"]
[BlackTeamCountry "NOR"]

1. e4 e5 2. Nf3 Nc6 3. Bb5 Nf6 4. d3 Ne7 5. 0-0 c6 6. Ba4 d6 7. c3 Ng6 8. Re1 Be7 9. Nbd2 0-0 10. Nf1 Qc7 11. d4 exd4 12. cxd4 d5 13. e5 Ne4 14. Bc2 Bb4 15. N3d2 f5 16. a3 Ba5 17. b4 Bb6 18. Nb3 f4 19. f3 Ng5 20. Kh1 Bf5 21. Bxf5 Rxf5 22. Qd3 Qf7 23. b5 Ne6 24. bxc6 bxc6 25. a4 Rh5 26. Ba3 Nh4 27. a5 Bd8 28. Rec1 Rb8 29. Bd6 Rc8 30. Ra2 Nf5 31. Rac2 Qd7 32. Ba3 Bh4 33. Kg1 Ne3 34. Nxe3 fxe3 35. Qxe3 Bg5 36. Qd3 Bxc1 37. Bxc1 c5 38. Nxc5 Nxc5 39. dxc5 Rxe5 40. Bb2 Re7 41. h3 Kh8 42. Bd4 Qc7 43. a6 Re1+ 44. Kf2 Rce8 45. Rb2 Qf4 46. g3 Qh6 47. Rb7 R8e2+ 48. Qxe2 Rxe2+ 0-1

[Event "Kragero op"]
[Site "Kragero"]
[Date "2024.02.24"]
[Round "7"]
[White "Kulaots, Kaido"]
[Black "Kirk, Ezra"]
[Result "1/2-1/2"]
[WhiteElo "2525"]
[BlackElo "2411"]
[PlyCount "48"]
[EventDate "2024.02.21"]
[EventType "swiss"]
[EventRounds "9"]
[EventCountry "NOR"]
[SourceTitle "CB09_2024"]
[SourceDate "2024.02.28"]
[SourceVersion "1"]
[SourceVersionDate "2024.02.28"]
[SourceQuality "1"]

1. e4 c5 2. Nf3 Nc6 3. d4 cxd4 4. Nxd4 e5 5. Nb5 d6 6. N1c3 a6 7. Na3 b5 8. Nd5 Nge7 9. Bd3 Nxd5 10. exd5 Ne7 11. c4 b4 12. Qa4+ Bd7 13. Qxb4 Ng6 14. Nc2 f5 15. Qa3 Be7 16. Be2 0-0 17. 0-0 f4 18. Bd3 f3 19. g3 Bh3 20. Re1 Qd7 21. Be4 Bg2 22. Qd3 Qh3 23. Ne3 Nh4 24. Bxh7+ Kh8 1/2-1/2

[Event "Keres Memorial rap 33rd"]
[Site "Tallinn"]
[Date "2024.01.06"]
[Round "5"]
[White "Kulaots, Kaido"]
[Black "Chigaev, Maksim"]
[Result "0-1"]
[WhiteElo "2525"]
[BlackElo "2622"]
[PlyCount "48"]
[EventDate "2024.01.06"]
[EventType "swiss (rapid)"]
[EventRounds "11"]
[EventCountry "EST"]
[SourceTitle "CB02_2024"]
[SourceDate "2024.01.10"]
[SourceVersion "1"]
[SourceVersionDate "2024.01.10"]
[SourceQuality "1"]

1. e4 e5 2. Nf3 Nc6 3. Bb5 a6 4. Ba4 Nf6 5. 0-0 Be7 6. Re1 b5 7. Bb3 0-0 8. a4 b4 9. d3 d6 10. a5 Be6 11. Bxe6 fxe6 12. Nbd2 Nd7 13. c3 d5 14. Qa4 Na7 15. cxb4 Rb8 16. exd5 exd5 17. Nxe5 Nxe5 18. Rxe5 Bd6 19. Re2 Qh4 20. Nf1 Rxb4 21. Qd7 Nb5 22. Be3 Nd4 23. Bxd4 Qxd4 24. Ne3 Qe5 0-1

[Event "Rilton Cup 51st"]
[Site "Stockholm"]
[Date "2024.01.04"]
[Round "8"]
[White "Raja, Rithvik R"]
[Black "Kulaots, Kaido"]
[Result "1/2-1/2"]
[WhiteElo "2500"]
[BlackElo "2524"]
[PlyCount "68"]
[EventDate "2023.12.27"]
[EventType "swiss"]
[EventRounds "9"]
[EventCountry "SWE"]
[SourceTitle "CB02_2024"]
[SourceDate "2024.01.10"]
[SourceVersion "1"]
[SourceVersionDate "2024.01.10"]
[SourceQuality "1"]

1. d4 Nf6 2. c4 g6 3. g3 Bg7 4. Bg2 0-0 5. Nc3 d6 6. Nf3 c6 7. 0-0 Bf5 8. Ne1 e5 9. d5 a5 10. e4 Bg4 11. f3 Bd7 12. Be3 cxd5 13. cxd5 Na6 14. Qe2 Nh5 15. Nc2 f5 16. Bf2 Nf6 17. Ne3 fxe4 18. fxe4 Nc5 19. Nc4 Qc7 20. Rac1 Bh6 21. Be3 Bxe3+ 22. Nxe3 Rab8 23. Nb1 b5 24. Nd2 Qb6 25. Kh1 Kg7 26. Bf3 Rf7 27. Bg4 Rbf8 28. Bxd7 Ncxd7 29. Rc6 Qd4 30. Nc2 Qxb2 31. Rb1 Qxa2 32. Ra1 Qb2 33. Rb1 Qa2 34. Ra1 Qb2 1/2-1/2

[Event "Bayern-chI Bank Hofmann 26th"]
[Site "Tegernsee"]
[Date "2023.10.28"]
[Round "1"]
[White "Kulaots, Kaido"]
[Black "Hofmann, Lorenz"]
[Result "1-0"]
[WhiteElo "2508"]
[BlackElo "2091"]
[PlyCount "99"]
[EventDate "2023.10.28"]
[EventType "swiss"]
[EventRounds "9"]
[EventCountry "GER"]
[SourceTitle "Mega2024 Update 01"]
[Source "Chessbase"]
[SourceDate "2023.11.12"]
[SourceVersion "1"]
[SourceVersionDate "2023.11.12"]
[SourceQuality "1"]

1. e4 c6 2. Nf3 d5 3. Nc3 Bg4 4. h3 Bxf3 5. Qxf3 e6 6. d4 dxe4 7. Qxe4 Nf6 8. Qd3 Bb4 9. Be2 0-0 10. 0-0 Nbd7 11. Bf4 Re8 12. a3 Bxc3 13. bxc3 e5 14. Bd2 c5 15. Rfe1 Rc8 16. dxe5 Nxe5 17. Qxd8 Rcxd8 18. Bb5 Ned7 19. Rxe8+ Nxe8 20. Bf4 Ndf6 21. a4 Kf8 22. a5 Nd6 23. Rd1 Ke7 24. Bf1 Nde4 25. Rb1 b6 26. axb6 axb6 27. c4 Nd2 28. Bxd2 Rxd2 29. Bd3 Nd7 30. Kf1 Ne5 31. Ke1 Rxd3 32. cxd3 Nxd3+ 33. Kd2 Nb4 34. Ra1 Nc6 35. Kc3 Kd6 36. Ra8 Nd4 37. Ra7 b5 38. Rxf7 b4+ 39. Kd3 Ne6 40. f4 h6 41. g3 g5 42. fxg5 hxg5 43. h4 gxh4 44. gxh4 Ke5 45. h5 Ng5 46. Rc7 Kd6 47. Rg7 Ne6 48. h6 Nf8 49. Rf7 Ng6 50. Rf6+ 1-0

[Event "Fagernes Autumn op"]
[Site "Fagernes"]
[Date "2023.10.11"]
[Round "5"]
[White "Kulaots, Kaido"]
[Black "Mitrabha, Guha"]
[Result "0-1"]
[WhiteElo "2508"]
[BlackElo "2512"]
[PlyCount "74"]
[EventDate "2023.10.08"]
[EventType "swiss"]
[EventRounds "9"]
[EventCountry "NOR"]
[SourceTitle "Mega2024 Update 01"]
[Source "Chessbase"]
[SourceDate "2023.11.12"]
[SourceVersion "1"]
[SourceVersionDate "2023.11.12"]
[SourceQuality "1"]

1. e4 e6 2. d4 d5 3. e5 c5 4. c3 Nc6 5. Nf3 Qb6 6. a3 Nh6 7. Bd3 cxd4 8. 0-0 Bd7 9. b4 Rc8 10. Bb2 dxc3 11. Nxc3 Nd4 12. Nxd4 Qxd4 13. Qe2 Qh4 14. h3 a6 15. Rad1 Be7 16. f4 0-0 17. Kh2 Bd8 18. Bb1 Nf5 19. Bxf5 exf5 20. Nxd5 Bb5 21. Qf3 Bxf1 22. Rxf1 Qh6 23. Ne3 Qe6 24. Qxb7 Bb6 25. Nxf5 Qxf5 26. Qxb6 Rc2 27. Rf2 Rxf2 28. Qxf2 Rc8 29. Bd4 Rc2 30. Qf3 h5 31. Bf2 Rc4 32. Be3 Rc3 33. a4 Qd3 34. Qa8+ Kh7 35. Bf2 Qc4 36. g3 h4 37. Qd8 hxg3+ 0-1

[Event "Arad op 16th"]
[Site "Arad"]
[Date "2023.08.12"]
[Round "8"]
[White "Sinz, Bernhard"]
[Black "Kulaots, Kaido"]
[Result "1/2-1/2"]
[WhiteElo "2311"]
[BlackElo "2491"]
[PlyCount "118"]
[EventDate "2023.08.07"]
[EventType "swiss"]
[EventRounds "9"]
[EventCountry "ROU"]
[SourceTitle "EXT 2024"]
[Source "ChessBase"]
[SourceDate "2023.10.10"]
[SourceVersion "1"]
[SourceVersionDate "2023.10.10"]
[SourceQuality "1"]

1. e4 c5 2. Nc3 Nc6 3. Bb5 Nd4 4. Nf3 e6 5. 0-0 a6 6. Bd3 Nc6 7. b3 Nge7 8. e5 Ng6 9. Re1 Be7 10. Bb2 0-0 11. Bxg6 hxg6 12. d4 cxd4 13. Nxd4 d5 14. exd6 Qxd6 15. Ne4 Qc7 16. Nxc6 Qxc6 17. Qd4 f6 18. c4 Rd8 19. Qc3 e5 20. Qg3 g5 21. h4 gxh4 22. Qxh4 Bf5 23. Ng3 Bh7 24. Red1 Qe6 25. Qh5 Bc5 26. Qe2 Bg6 27. Bc3 Kf7 28. Ne4 Be7 29. c5 Qc6 30. Nd6+ Bxd6 31. Qc4+ Kf8 32. Rxd6 Rxd6 33. cxd6 Qxc4 34. bxc4 Ke8 35. c5 Kd7 36. Bd2 Rh8 37. Rc1 Rh4 38. Rc3 Bf7 39. a3 Bd5 40. f3 Rd4 41. Be3 Rd1+ 42. Kf2 Ra1 43. g4 g5 44. Kg3 Ra2 45. Bf2 a5 46. Rd3 Bc4 47. Rc3 Be6 48. Be1 a4 49. Re3 Rb2 50. Bb4 Bc4 51. Re1 Ke6 52. Rd1 Kd7 53. Rh1 Bd3 54. Rh6 Bf1 55. Rh7+ Ke6 56. Re7+ Kd5 57. d7 Rg2+ 58. Kh3 Rc2+ 59. Kg3 Rg2+ 1/2-1/2

[Event "Timisoara Foisor Memorial Rapid"]
[Site "Timisoara"]
[Date "2023.08.06"]
[Round "7"]
[White "Kulaots, Kaido"]
[Black "Sargsyan, Shant"]
[Result "0-1"]
[WhiteElo "2491"]
[BlackElo "2639"]
[PlyCount "94"]
[EventDate "2023.08.05"]
[EventType "swiss (rapid)"]
[EventRounds "10"]
[EventCountry "ROU"]
[SourceTitle "CBM 215 Extra"]
[Source "ChessBase"]
[SourceDate "2023.09.30"]
[SourceVersion "1"]
[SourceVersionDate "2023.09.30"]
[SourceQuality "1"]

1. e4 e5 2. Nf3 Nc6 3. Bb5 a6 4. Ba4 Nf6 5. 0-0 Be7 6. Re1 b5 7. Bb3 0-0 8. d3 d6 9. Bd2 Bg4 10. c3 Na5 11. Bc2 c5 12. h3 Bh5 13. Bg5 h6 14. Bc1 Re8 15. Nbd2 Bf8 16. Nf1 Nc6 17. Ng3 Bg6 18. Nh4 Bh7 19. Nhf5 Ne7 20. Ne3 d5 21. Qf3 Qd7 22. Ng4 Nxg4 23. hxg4 c4 24. dxc4 bxc4 25. b3 Rac8 26. bxc4 dxc4 27. Be3 Ng6 28. Nf5 Qc7 29. g3 Bc5 30. Kg2 Nf8 31. g5 Bxe3 32. Qxe3 Qc6 33. Nh4 hxg5 34. Qxg5 Ne6 35. Qh5 Nc5 36. Rh1 Nd3 37. Nf3 Qg6 38. Qxg6 Bxg6 39. Rh4 f6 40. Nd2 Red8 41. Nf1 Nc5 42. Ne3 Rd2 43. Rd1 Rxc2 44. Nxc2 Bxe4+ 45. Rxe4 Nxe4 46. Ne3 Nxc3 47. Rc1 Nxa2 0-1

[Event "Timisoara Foisor Memorial Rapid"]
[Site "Timisoara"]
[Date "2023.08.06"]
[Round "10"]
[White "Prraneeth, Vuppala"]
[Black "Kulaots, Kaido"]
[Result "0-1"]
[WhiteElo "2485"]
[BlackElo "2491"]
[PlyCount "74"]
[EventDate "2023.08.05"]
[EventType "swiss (rapid)"]
[EventRounds "10"]
[EventCountry "ROU"]
[SourceTitle "CBM 215 Extra"]
[Source "ChessBase"]
[SourceDate "2023.09.30"]
[SourceVersion "1"]
[SourceVersionDate "2023.09.30"]
[SourceQuality "1"]

1. e4 c5 2. Nf3 e6 3. b3 Nc6 4. Bb2 Nf6 5. e5 Ng4 6. h3 Nh6 7. Bb5 Be7 8. Nc3 0-0 9. Ne4 f6 10. exf6 gxf6 11. Nh2 d5 12. Qh5 Nf5 13. Ng3 Nxg3 14. fxg3 Qe8 15. Qe2 a6 16. Bxc6 bxc6 17. Ng4 Qg6 18. 0-0-0 a5 19. Rdf1 a4 20. Rf4 e5 21. Rff1 d4 22. Nf2 Be6 23. d3 axb3 24. axb3 Ra2 25. Nd1 Rfa8 26. g4 c4 27. dxc4 Ba3 28. Bxa3 Qg5+ 29. Ne3 R2xa3 30. Kd2 Ra2 31. Kd3 dxe3 32. Qxe3 Rd8+ 33. Ke4 Rd4+ 34. Kf3 Rf4+ 35. Ke2 Rxc2+ 36. Kd3 Rd4+ 37. Qxd4 Qd2+ 0-1

[Event "Timisoara Foisor Memorial Rapid"]
[Site "Timisoara"]
[Date "2023.08.05"]
[Round "3"]
[White "Magold, Filip"]
[Black "Kulaots, Kaido"]
[Result "0-1"]
[WhiteElo "2359"]
[BlackElo "2491"]
[PlyCount "76"]
[EventDate "2023.08.05"]
[EventType "swiss (rapid)"]
[EventRounds "10"]
[EventCountry "ROU"]
[SourceTitle "CBM 215 Extra"]
[Source "ChessBase"]
[SourceDate "2023.09.30"]
[SourceVersion "1"]
[SourceVersionDate "2023.09.30"]
[SourceQuality "1"]

1. e4 c5 2. Nf3 e6 3. d4 cxd4 4. Nxd4 Nc6 5. Nc3 Qc7 6. Be3 a6 7. Qf3 h5 8. 0-0-0 Ne5 9. Qg3 h4 10. Qh3 b5 11. Bf4 Nd3+ 12. Bxd3 Qxf4+ 13. Kb1 Nf6 14. Nce2 Qc7 15. f4 Bb7 16. e5 Nd5 17. f5 Qxe5 18. fxe6 dxe6 19. Nxb5 axb5 20. Bxb5+ Kd8 21. Rhe1 Bd6 22. Nd4 Qxh2 23. Nxe6+ Kc8 24. Qg4 fxe6 25. Qxe6+ Kb8 26. a4 Qf4 27. Rxd5 Bxd5 28. Qxd5 Rd8 29. Bc6 Ra7 30. Qb5+ Kc7 31. Re4 Rb8 32. Qc4 Qf5 33. Bd5+ Kd8 34. Re6 Qf4 35. Re4 Qf6 36. c3 Re7 37. Rxh4 Re1+ 38. Ka2 Rxb2+ 0-1

[Event "Avoine op 37th"]
[Site "Avoine"]
[Date "2023.07.29"]
[Round "8"]
[White "Ikonnikov, Vyacheslav"]
[Black "Kulaots, Kaido"]
[Result "1/2-1/2"]
[WhiteElo "2467"]
[BlackElo "2505"]
[PlyCount "27"]
[EventDate "2023.07.22"]
[EventType "swiss"]
[EventRounds "9"]
[EventCountry "FRA"]
[SourceTitle "CBM 215 Extra"]
[Source "ChessBase"]
[SourceDate "2023.09.30"]
[SourceVersion "1"]
[SourceVersionDate "2023.09.30"]
[SourceQuality "1"]

1. d4 Nf6 2. Nf3 g6 3. c4 Bg7 4. Nc3 d5 5. cxd5 Nxd5 6. Bd2 c5 7. e4 Nxc3 8. Bxc3 cxd4 9. Bxd4 0-0 10. Bxg7 Kxg7 11. Qd4+ Qxd4 12. Nxd4 Bd7 13. 0-0-0 Nc6 14. Be2 1/2-1/2

[Event "Avoine op 37th"]
[Site "Avoine"]
[Date "2023.07.24"]
[Round "3"]
[White "Kulaots, Kaido"]
[Black "Zachary, Matheo"]
[Result "1-0"]
[WhiteElo "2505"]
[BlackElo "2334"]
[PlyCount "173"]
[EventDate "2023.07.22"]
[EventType "swiss"]
[EventRounds "9"]
[EventCountry "FRA"]
[SourceTitle "CBM 215 Extra"]
[Source "ChessBase"]
[SourceDate "2023.09.30"]
[SourceVersion "1"]
[SourceVersionDate "2023.09.30"]
[SourceQuality "1"]

1. e4 c5 2. Nf3 Nc6 3. Bb5 Nf6 4. Nc3 g6 5. 0-0 Bg7 6. e5 Ng4 7. Bxc6 dxc6 8. Re1 0-0 9. d3 b6 10. Bf4 Nh6 11. Qd2 Nf5 12. Ne4 Nd4 13. Nxd4 Qxd4 14. c3 Qd5 15. c4 Qd4 16. Ng3 Rd8 17. Rad1 Bg4 18. Re4 Qd7 19. f3 Bf5 20. Nxf5 gxf5 21. Ree1 Qe6 22. Qe2 Rd7 23. Bd2 Qg6 24. f4 e6 25. Rf1 Rad8 26. Rf3 Qh5 27. Bc3 Kh8 28. Qf1 Bf8 29. Re1 h6 30. Rh3 Qg6 31. Rg3 Qh5 32. Ree3 b5 33. Rh3 Qg6 34. b3 a5 35. Rhg3 Qh5 36. Rh3 Qg6 37. Reg3 Qh7 38. Qf3 Rc8 39. a4 bxa4 40. bxa4 Rb7 41. Qh5 Rcb8 42. Qh4 Bg7 43. Re3 Qg8 44. Rhf3 Qd8 45. Qxd8+ Rxd8 46. Bxa5 Ra8 47. Be1 Rb1 48. h3 Rxa4 49. Kh2 Ra2 50. Bh4 Bf8 51. Rf2 Ra3 52. Rd2 Rc1 53. Re1 Rxe1 54. Bxe1 Be7 55. Kg3 Kg7 56. Kf3 h5 57. Bf2 f6 58. exf6+ Kxf6 59. Bh4+ Kf7 60. Bxe7 Kxe7 61. Kg3 Kf6 62. Kh4 Ra8 63. Rb2 Ra3 64. Rb6 Rxd3 65. Rxc6 Rd4 66. Rxc5 Rxf4+ 67. Kxh5 Rf2 68. g4 fxg4 69. Kxg4 Rd2 70. h4 Rd4+ 71. Kg3 Rd3+ 72. Kg2 Rd2+ 73. Kf3 Rd4 74. h5 Rh4 75. Ke3 Ke7 76. Kd3 Rh3+ 77. Kd4 Kd6 78. Rg5 e5+ 79. Ke4 Rh4+ 80. Kf5 Ke7 81. c5 Rc4 82. h6 Rf4+ 83. Kxe5 Rh4 84. Rg7+ Kf8 85. Rg6 Kf7 86. Rd6 Ke7 87. Kd5 1-0

[Event "Viljandi Raud Memorial 57th"]
[Site "Viljandi"]
[Date "2023.07.05"]
[Round "5"]
[White "Kulaots, Kaido"]
[Black "Kauppala, Pekka"]
[Result "1-0"]
[WhiteElo "2505"]
[BlackElo "2052"]
[PlyCount "65"]
[EventDate "2023.07.02"]
[EventType "swiss"]
[EventRounds "9"]
[EventCountry "EST"]
[SourceTitle "CBM 215 Extra"]
[Source "ChessBase"]
[SourceDate "2023.09.30"]
[SourceVersion "1"]
[SourceVersionDate "2023.09.30"]
[SourceQuality "1"]

1. e4 e5 2. Nf3 Nc6 3. Bb5 Nf6 4. d3 Bc5 5. c3 0-0 6. 0-0 d6 7. h3 h6 8. Re1 Bd7 9. Nbd2 a6 10. Ba4 b5 11. Bc2 Re8 12. Nf1 d5 13. exd5 Nxd5 14. Ng3 Bb6 15. Bd2 Be6 16. Qc1 Qd6 17. Re2 f5 18. Nh4 Qf8 19. Bb3 Rad8 20. Qc2 Qf6 21. Nf3 Bf7 22. Rae1 g5 23. d4 e4 24. Qc1 Rd7 25. h4 gxh4 26. Nxh4 Qxh4 27. Nxf5 Qh5 28. Nxh6+ Kg7 29. Rxe4 Rxe4 30. Rxe4 Bg6 31. Bd1 Qxd1+ 32. Qxd1 Bxe4 33. Qg4+ 1-0

[Event "Viljandi Raud Memorial 57th"]
[Site "Viljandi"]
[Date "2023.07.04"]
[Round "4"]
[White "Rychagov, Nikita1111"]
[Black "Kulaots, Kaido"]
[Result "1-0"]
[WhiteElo "2107"]
[BlackElo "2505"]
[PlyCount "53"]
[EventDate "2023.07.02"]
[EventType "swiss"]
[EventRounds "9"]
[EventCountry "EST"]
[SourceTitle "CBM 215 Extra"]
[Source "ChessBase"]
[SourceDate "2023.09.30"]
[SourceVersion "1"]
[SourceVersionDate "2023.09.30"]
[SourceQuality "1"]

1. e4 c6 2. d4 d5 3. e5 Bf5 4. Nf3 e6 5. Be2 Nd7 6. 0-0 a5 7. a4 f6 8. c4 fxe5 9. cxd5 exd5 10. dxe5 Bc5 11. Nd4 Ne7 12. g4 Bxb1 13. Rxb1 Nxe5 14. Ne6 Qd6 15. Nxg7+ Kf7 16. Nh5 Qg6 17. Bf4 Qe4 18. Bg3 N7g6 19. h3 Rhe8 20. Kh2 Rad8 21. b3 Bb4 22. Rb2 Nd7 23. Bd3 Qe7 24. f4 Nc5 25. f5 Nf8 26. Re2 Ne4 27. Rxe4 1-0